• 首页
  • 本馆介绍
  • 公告通知
  • 最新文献
  • 馆藏检索
  • 电子资源
  • 读者导购
  • 参考咨询
  • 我的图书馆
  • 登录
  • 详细信息显示
  • 放入我的书架
  • 预约/预借图书
  • 作者相关作品
  • 分类相关作品
  • 丛书相关作品
  • 出版社相关作品

书目信息

  • 表格格式
  • 工作单格式
  • 卡片格式
题名:
震兆云霞
    
 
作者: 吕大炯 著
分册:  
出版信息: 上海   学林出版社  1982
页数: 84页
开本: 21cm
丛书名:
单 册:
中图分类: P315.7
科图分类:
主题词: 气象异常
电子资源:
ISBN:
000 00566nam0 2200229 45
001 0182005791
005 20060818161905.03
010    @d¥0.56
091    @aCN@b13259.002
100    @a19950315d1982 em y0chiy0121 ea
101 0  @achi
102    @aCN@b310000
105    @ay z 000yy
200 10 @a震兆云霞@Azhen zhao yun xia@f吕大炯著
210    @a上海@c学林出版社@d1982
215    @a84页@d21cm
606    @a气象异常
690    @aP315.7@v3
701  0 @a吕大炯@Alu da jiong@4著
801  2 @aCN@bNLC@c20060818
801  0 @aCN@bTSSF
905    @a10447@dP315.7@e85
    
    震兆云霞/吕大炯著.-上海:学林出版社,1982
    84页;21cm
    
    
    ISBN :¥0.56
    
●
相关链接 在E读中查询图书 在五车中查询图书 在当当中查询图书 在豆瓣中查询图书


正题名:震兆云霞     索取号:P315.7/85         预约/预借

序号 登录号 条形码 馆藏地/架位号 状态 备注
1 0458817   204588179   密集书库/ [索取号:P315.7/85] 在馆    
2 0458818   204588188   密集书库/ [索取号:P315.7/85] 在馆    
唐山师范学院图书馆 欢迎您!
大连网信软件有限公司© 版权所有